00481nam a2200145Ia 4500008004100000041000800041082001800049100001600067245003900083260002800122300003200150365000700182999001500189952013100204240624s9999 xx 000 0 und d aeng a658.40352 BIN aBINMORE KEN aFUN AND GAME A TEXT ON GAME THEORY c1999aDelhibA.I.T.B.S. axxix, : 602 : p. : cm. ; 24 cRS c1504d1504 00104070aIMTNbIMTNcRack 29-Ad2004-12-08eAITBSg250.00n238o658.40352 BINp1504r2024-06-24 00:00:00t1w2024-06-24yBK